000 00289nam a22001337a 4500
008 170420b xxu||||| |||| 00| 0 eng d
020 _a9780073524238
041 _aeng
080 _26 ED
_a573
100 _a11
101 _aSHM
245 _aVERTEBRATES
_cKARDONG.K.V
942 _2udc
_cBK
999 _c11317
_d11317